<?xml version="1.0" encoding="UTF-8"?>
<collection xmlns="http://www.loc.gov/MARC21/slim">
 <record>
  <leader>01116nam a2200241 a 4500</leader>
  <controlfield tag="001">1/37190</controlfield>
  <controlfield tag="008">090309s2003    ctu           000 0 eng d</controlfield>
  <datafield tag="020" ind1=" " ind2=" ">
   <subfield code="a">9780762310302</subfield>
  </datafield>
  <datafield tag="035" ind1=" " ind2=" ">
   <subfield code="l">39793</subfield>
  </datafield>
  <datafield tag="040" ind1=" " ind2=" ">
   <subfield code="a">GR-PeUP</subfield>
  </datafield>
  <datafield tag="041" ind1="0" ind2=" ">
   <subfield code="a">eng</subfield>
  </datafield>
  <datafield tag="245" ind1="0" ind2="0">
   <subfield code="a">Power and status</subfield>
   <subfield code="h">[electronic resource] /</subfield>
   <subfield code="c">edited by Shane R. Thye and John Skvoretz.</subfield>
  </datafield>
  <datafield tag="260" ind1=" " ind2=" ">
   <subfield code="a">Greenwich, Conn. :</subfield>
   <subfield code="b">JAI Press,</subfield>
   <subfield code="c">2003.</subfield>
  </datafield>
  <datafield tag="300" ind1=" " ind2=" ">
   <subfield code="a">Ένα html e-book.</subfield>
  </datafield>
  <datafield tag="490" ind1="1" ind2=" ">
   <subfield code="a">Advances in group processes,</subfield>
   <subfield code="x">0882-6145 ;</subfield>
  </datafield>
  <datafield tag="533" ind1=" " ind2=" ">
   <subfield code="a">Ηλεκτρονικό βιβλίο</subfield>
   <subfield code="e">Τρόπος πρόσβασης μέσω διαδικτύου.</subfield>
  </datafield>
  <datafield tag="650" ind1=" " ind2="4">
   <subfield code="a">Social groups.</subfield>
  </datafield>
  <datafield tag="700" ind1="1" ind2=" ">
   <subfield code="a">Thye, Shane R.</subfield>
  </datafield>
  <datafield tag="700" ind1="1" ind2=" ">
   <subfield code="a">Skvoretz, John.</subfield>
  </datafield>
  <datafield tag="830" ind1=" " ind2=" ">
   <subfield code="a">Advances in group processes ;</subfield>
   <subfield code="v">20.</subfield>
  </datafield>
  <datafield tag="852" ind1=" " ind2=" ">
   <subfield code="a">INST</subfield>
   <subfield code="b">UNIPILB</subfield>
   <subfield code="c">EBOOKS</subfield>
   <subfield code="e">20100623</subfield>
   <subfield code="p">00b39793</subfield>
   <subfield code="q">00b39793</subfield>
   <subfield code="t">ONLINE</subfield>
   <subfield code="y">0</subfield>
  </datafield>
  <datafield tag="856" ind1="4" ind2="0">
   <subfield code="u">http://www.sciencedirect.com/science?_ob=PublicationURL&amp;_tockey=%23TOC%2313057%232003%23999799999%23471787%23FLA%23&amp;_cdi=13057&amp;_pubType=BS&amp;_auth=y&amp;_acct=C000061474&amp;_version=1&amp;_urlVersion=0&amp;_userid=7821870&amp;md5=375ab1efa20838b05cb50ef72fbe2c2f</subfield>
  </datafield>
  <datafield tag="856" ind1="4" ind2=" ">
   <subfield code="d">/webopac/covers/02/39793_9780762310302.jpg</subfield>
  </datafield>
 </record>
</collection>
